| 000 | 00682nam a22001697a 4500 | ||
|---|---|---|---|
| 008 | 160704b xxu||||| |||| 00| 0 eng d | ||
| 082 |
_22009 _aUT 0640 _bIg5 |
||
| 100 |
_910836 _aIgnacio, Catherine B. |
||
| 245 |
_aTeaching strategies of the MAPEH teachers and the development skills of the MAPEH students in University of Mindanao Digos College/ _cCatherine B. Ignacio [and three others]. |
||
| 260 |
_aDigos City: _bUMDC _cOctober 2009. |
||
| 300 |
_a46 pages; _c28 cm. |
||
| 650 | 0 |
_910835 _aEducation _vMAPEH _xUndergraduate thesis. |
|
| 700 |
_910832 _aEspaƱola, Cherry Jane B. |
||
| 700 |
_910833 _aLegaspi, Janel M. |
||
| 700 |
_910834 _aAngcan, Vander Lugt D. |
||
| 942 |
_2ddc _cUT |
||
| 999 |
_c3241 _d3241 |
||